| 000 | 00000nam##2200000za#4500 |
| 001 | 9.648094 |
| 003 | CaOODSP |
| 005 | 20200401080521 |
| 007 | ta |
| 008 | 150407|2001||||xxc||||| f|0| 0 eng|d |
| 020 | |a0-662-30116-1 |
| 040 | |aCaOODSP|beng |
| 043 | |an-cn--- |
| 086 | 1 |aE2-234/2000E |
| 110 | 1 |aCanada.|bForeign Affairs and International Trade. |bCanadian Centre for Foreign Policy Development. |
| 245 | 10|aRenewing partnerships for the prevention of armed conflict : |boptions to enhance rapid deployment and initiate a UN standing emergency capability / |cby H. Peter Langille. |
| 260 | |aOttawa - Ontario : |bForeign Affairs and International Trade. |c2001. |
| 300 | |a50p. ; |c28 cm. |
| 563 | |aSoftcover |
| 590 | |a01-48|b2001-11-30 |
| 690 | 07|aForeign policy|2gcpds |
| 690 | 07|aWar|2gcpds |
| 690 | 07|aPeacekeeping forces|2gcpds |
| 720 | 1 |aLangille, H. Peter |
| 776 | 0#|tRenewing partnerships for the prevention of armed conflict : |w(CaOODSP)9.686030 |
| 986 | |a1004.5E |